Commercil Fruil and vegetable products (Record no. 597)
[ view plain ]
| 000 -LEADER | |
|---|---|
| fixed length control field | 00674nam a22002417a 4500 |
| 008 - FIXED-LENGTH DATA ELEMENTS--GENERAL INFORMATION | |
| fixed length control field | 130723b xxu||||| |||| 00| 0 eng d |
| 020 ## - INTERNATIONAL STANDARD BOOK NUMBER | |
| International Standard Book Number | 81 7754 041 6 |
| 024 ## - OTHER STANDARD IDENTIFIER | |
| Terms of availability | Available |
| 037 ## - SOURCE OF ACQUISITION | |
| Terms of availability | Available |
| 040 ## - CATALOGING SOURCE | |
| Original cataloging agency | MBSTU Library |
| Modifying agency | MBSTU Library |
| 082 ## - DEWEY DECIMAL CLASSIFICATION NUMBER | |
| Edition number | 22 |
| Classification number | 664.8 CRC |
| 100 ## - MAIN ENTRY--PERSONAL NAME | |
| Personal name | Cruess,W.V |
| 245 ## - TITLE STATEMENT | |
| Title | Commercil Fruil and vegetable products |
| 260 ## - PUBLICATION, DISTRIBUTION, ETC. (IMPRINT) | |
| Place of publication, distribution, etc. | India |
| Name of publisher, distributor, etc. | Acrobios |
| Date of publication, distribution, etc. | 2011 |
| 300 ## - PHYSICAL DESCRIPTION | |
| Extent | 22 cm |
| Other physical details | 906 Page |
| Type of unit | 03 |
| Size of unit | 22 cm |
| 600 ## - SUBJECT ADDED ENTRY--PERSONAL NAME | |
| Source of heading or term | Number Theory 2 Sets |
| 650 ## - SUBJECT ADDED ENTRY--TOPICAL TERM | |
| Source of heading or term | Fruil and vegetable products |
| 700 ## - ADDED ENTRY--PERSONAL NAME | |
| Personal name | Cruess,W.V |
| 270 ## - ADDRESS | |
| Address | New Delhi |
| City | New Delhi |
| Country | India |
| 365 ## - TRADE PRICE | |
| Price amount | 3060 |
| Unit of pricing | 3060 |
| 942 ## - ADDED ENTRY ELEMENTS (KOHA) | |
| Source of classification or shelving scheme | |
| Koha item type | Books |
No items available.
